| 000 | 00637nam a2200193 4500 | ||
|---|---|---|---|
| 001 | 107496 | ||
| 003 | ES-MaACL | ||
| 007 | t| | ||
| 008 | 061121s1929 sp r ||||1| spa d | ||
| 100 | 1 |
_aMorawitz, P. _983169 |
|
| 245 | 1 | 4 |
_aLas enfermedades de la sangre / _cpor el profesor P. Morawitz; traducida de la primera edición alemana por el Dr. Ignacio Bofill. |
| 260 |
_aMadrid, etc. : _bLabor, _c1929. |
||
| 300 |
_a120 p. ; _c21. |
||
| 490 | 1 |
_aCursos de clínica médica ; _v1 |
|
| 700 | 1 |
_aBofill, Ignacio. _929774 |
|
| 830 | 0 |
_aCursos de clínica médica ; _v1 _9185388 |
|
| 852 |
_aES-MaACL _jC-7319 |
||
| 999 |
_c107496 _d107496 |
||